| 000 | 004540000a22001930004500 | ||
|---|---|---|---|
| 001 | 002358 | ||
| 003 | MACL | ||
| 005 | 20151003114523.0 | ||
| 008 | 151003b xxu||||| |||| 00| 0 eng d | ||
| 040 |
_aMACL _cMACL |
||
| 041 | _aEnglish | ||
| 082 | _a920/LYN | ||
| 100 |
_aLynch, Michael _913357 |
||
| 245 |
_aMao _cMichael Lynch |
||
| 260 |
_aNew Delhi _c2004 _bLotus Collection, |
||
| 350 | _a295 | ||
| 650 |
_aBiography _913358 |
||
| 942 |
_k920 _cBK _2ddc |
||
| 999 |
_c14270 _d14270 |
||